| Record ID | marc_records_scriblio_net/part18.dat:151676084:823 |
| Source | Scriblio |
| Download Link | /show-records/marc_records_scriblio_net/part18.dat:151676084:823?format=raw |
LEADER: 00823cam 2200253 a 4500
001 86010456
003 DLC
005 20040625114059.0
008 860508t19861972mau 000 1 eng
010 $a 86010456
020 $a0316289388 :$c$8.95
040 $aDLC$cDLC$dDLC
050 00 $aPR6011.O56$bC68 1986
082 00 $a823/.912$219
100 1 $aForester, C. S.$q(Cecil Scott),$d1899-1966.
245 10 $aCommodore Hornblower /$cby C.S. Forester.
260 $aBoston :$bLittle, Brown,$c1986, c1972.
300 $a313 p. ;$c20 cm.
650 0 $aHornblower, Horatio (Fictitious character)$xFiction.
651 0 $aGreat Britain$xHistory, Naval$y19th century$xFiction.
650 0 $aNapoleonic Wars, 1800-1815$xFiction.
655 7 $aHistorical fiction.$2gsafd
655 7 $aSea stories.$2gsafd
655 7 $aWar stories.$2gsafd